Cardinal Directions #2 - Statistics

General Stats
  • This quiz has been taken 14 times
  • The average score is 16 of 19
Answer Stats
Hint Direction Place % Correct
20) Its capitals are Cape Town, Bloemfontein,and Pretoria South Africa
100%
12) Kim Jong Un controls this strict country North Korea
100%
5) Country above Greece, its capital is Skopje North Macedonia
100%
4) Most recent country to gain independencein 2011 South Sudan
100%
10) Island nation connected to Indonesia, itscapital is Dili East Timor
100%
3) Area consisting of China, Japan, Korea,Taiwan and remote Russia East Asia
92%
1) Area of vast, remote land in Australia,its capital is Perth Western Australia
92%
9) Home to the Badlands and Mt Rushmore South Dakota
92%
17) Mostly flat state that includes places likeFargo, Bismarck, and Grand Forks North Dakota
92%
14) Area of the Emerald Isle that belongs tothe UK, its capital is Belfast Northern Ireland
92%
11) Region of New Zealand that includes Auckland North Island
92%
2) Region of remote desert, disputed bytribes but administered mostly by Morocco Western Sahara
92%
15) John Denver wrote a hit song about thisAppalachian state West Virginia
92%
13) Area of the sunshine state that includes the Keys, the Everglades, and Miami area South Florida
85%
6) Mostly remote Canadian province, itscapital is Yellowknife Northwest Territories
85%
8) The lower half of the divided country during the war, its capital was Saigon South Vietnam
85%
7) Aka the Tarheel State North Carolina
77%
19) US commonwealth in the Pacific, its capitalis Saipan Northern Mariana Islands
31%
18) Akureyri is often considered the "capital" ofthis region North Iceland
8%
No matching quizzes found
Score Distribution
Percent of People with Each Score
Percentile by Number Answered
Your Score History
You have not taken this quiz